000 00648nam a2200241Ia 4500
003 OSt
005 20220918174209.0
006 a|||||r|||| 00| 0
007 ta
008 220917b |||||||| |||| 00| 0 eng d
024 _a10,926
037 _cTextual
040 _aARTS
_cARTS
_beng
041 _2eng
_aeng
082 _aM19, M1
100 _aDoubtifire Dianne
_949431
245 0 _aCraft of novel writing
_b a practical guide
260 _aLondon
_bAllison & Jusby
_c1981
300 _ax,86p Bibliography
_ccm.
650 _aINDUSTRIAL ARTS
942 _hM19, M1
_cTEXL
_2CC
999 _c152150
_d152150